000 00346nam a2200145Ia 4500
005 20251222153543.0
008 251222s9999||||xx |||||||||||||| ||spa||
020 _a8487448062
082 _a341/J94
100 _aJuste Ruiz, José
245 0 _aDerecho Internacional Público:
250 _a1ra. ed.
264 _bQuiles , S.A.
942 _cLIB
999 _c30534
_d30534